El Proyecto de ley general de administración pública /
Đã lưu trong:
| Tác giả chính: | |
|---|---|
| Định dạng: | Texto |
| Những chủ đề: | |
| Các nhãn: |
Thêm thẻ
Không có thẻ, Là người đầu tiên thẻ bản ghi này!
|
MARC
| LEADER | 00000 a a2200000 04500 | ||
|---|---|---|---|
| 001 | 16167 | ||
| 003 | |||
| 040 | |||
| 100 | |a Rendón, Julio | ||
| 245 | |a El Proyecto de ley general de administración pública / |c Julio Rendón | ||
| 650 | |a GOBIERNO CENTRAL | ||
| 650 | |a LEGISLACION | ||
| 650 | |a REFORMA ADMINISTRATIVA | ||
| 773 | |g número 52; páginas 171-185 | ||
| 999 | |c 21103 |d 21103 | ||
